000 00289nam a2200121Ia 4500
008 190216s9999||||xx |||||||||||||| ||und||
100 _aTayal D C
245 0 _aPrinciples Of Electronics;
260 _bHimalaya Publishing House
_c1991
300 _a264p
650 _aPhysics
942 _cBK
999 _c34077
_d34077